| 000 | 01187cam a2200385 a 4500 | ||
|---|---|---|---|
| 001 | 782441 | ||
| 003 | ARRUPE | ||
| 005 | 20150520150509.0 | ||
| 008 | 890922s1988 nyua b 001 0 eng | ||
| 010 | _a 87019713 | ||
| 020 |
_a0394327993 (pbk.) : _c$8.00 |
||
| 035 | _a(OCoLC)16579069 | ||
| 035 | _a(OCoLC)ocm16579069 | ||
| 035 | _a(CStRLIN)NYCG89-B68383 | ||
| 035 | _a(NNC)782441 | ||
| 040 | _cDCL | ||
| 050 | 0 |
_aQ175.5 _b.J3 1988 |
|
| 082 | 0 |
_a303.4/83 _219 |
|
| 090 |
_aQ175.5 _b.J3 1988 |
||
| 100 | 1 |
_aJacob, Margaret C., _d1943- _917891 |
|
| 245 | 1 | 4 |
_aThe cultural meaning of the scientific revolution / _cMargaret C. Jacob. |
| 250 | _a1st ed. | ||
| 260 |
_aNew York : _bA.A. Knopf, _cc1988. |
||
| 300 |
_axii, 274 p. : _bill. ; _c21 cm. |
||
| 490 | 1 | _aNew perspectives on European history | |
| 500 | _aIncludes indexes. | ||
| 504 | _aBibliography: p. 255-261. | ||
| 650 | 0 |
_aScience _xSocial aspects _xHistory. _917705 |
|
| 650 | 0 |
_aScience _xHistory. _917892 |
|
| 650 | 0 |
_aScience and industry _xHistory. _917893 |
|
| 830 | 0 |
_aNew perspectives on European history. _917894 |
|
| 942 |
_2lcc _cMONOGRAPH |
||
| 948 | 2 |
_a20100205 _ba _csl13 _dMPS |
|
| 999 |
_c122859 _d122859 |
||